000 00873nam a22002295i 4500
001 154281
003 ES-MaACL
005 20250804062749.0
008 940202s1779 it |||| | lat d
040 _aCYL
_bspa
100 1 _aGenovesi, Antonio,
_d1713-1769
_956347
245 1 0 _aAntonii Genuensis... Elementorum artis logico-criticae librí V.
250 _aEditio novissima ad pastrema neapolitanam ab auctore novis curis recognitam, denuo emendatam et plus tertia parte amplificatam...
260 _aBassani sed prostant Venetiis :
_bapud Remondini,
_c1779.
300 _aXVI, 352 p. ;
_c8º.
597 _aSign.: a8, A-Y8.
597 _aPort. con orla tip.
650 0 7 _aFilosofía
_2embne
_912802
650 4 _aLógica-
_vObras anteriores a 1800.
_9155343
852 _aES-MaACL
_jR-893
_z-- Enc. perg.
_x Olim: G-1262
999 _c154281
_d154281